| 000 | 01072cam a22003255i 4500 | ||
|---|---|---|---|
| 003 | EG-ScBUE | ||
| 005 | 20230109110820.0 | ||
| 008 | 161009t2012 at a f bd 001 0 eng d | ||
| 020 | _a9781111354329 | ||
| 020 | _a1111354324 | ||
| 040 |
_aEG-ScBUE _beng _erda _cEG-ScBUE _dEG-ScBUE |
||
| 082 | 0 | 4 |
_222 _a745.4 _bLAU |
| 100 | 1 |
_97503 _aLauerman, David A., _d1931- _eauthor. |
|
| 245 | 1 | 0 |
_aDesign basics / _cDavid A. Lauer, Stephen Pentak, professor emeritus, The Ohio State University. |
| 250 |
_aEighth edition, _bInternational edition. |
||
| 264 | 1 |
_a[Canberra] : _bWadsworth Cengage Learning, _c[2012] |
|
| 264 | 4 | _cc2012 | |
| 300 |
_ax, 308 pages : _billustrations ; _c28 cm |
||
| 336 |
_2rdacontent _atext _btxt |
||
| 337 |
_2rdamedia _aunmediated _bn |
||
| 338 |
_2rdacarrier _avolume _bnc |
||
| 500 | _aIncludes glossary. | ||
| 504 | _aIncludes bibliographical references and index. | ||
| 650 | 7 |
_aDesign. _2BUEsh |
|
| 651 | _2BUEsh | ||
| 653 |
_bCOMAME _cOctober2016 |
||
| 655 | _vReading book | ||
| 700 | 1 |
_aPenta, Stephen, _eauthor. |
|
| 942 |
_2ddc _cBB |
||
| 999 |
_c22472 _d22444 |
||